| 000 | 00403nam a2200157Ia 4500 | ||
|---|---|---|---|
| 008 | 250602s2025 xx 000 0 und d | ||
| 020 | _a978-93-341-0604-6 | ||
| 041 | _aeng | ||
| 082 | _a657.2/MAH | ||
| 100 | _aMahekar, V B | ||
| 245 |
_aAdvanced Cost Accountancy _bM.Com. I, Sem- I, P- II |
||
| 250 | _a1 Ed. | ||
| 260 |
_aKolhapur _bMS Publication _c2025 |
||
| 300 | _a112p | ||
| 906 | _aCOMMERCE | ||
| 999 |
_c1210150 _d1210150 |
||